000 01256nam a2200325 a 4500
001 000112479
003 CHAP
005 20220329144308.0
008 160419s2015 mx a fsm |||||||spa d
010 _a108940
011 _a109912
040 _cCHAP
090 _aTesis
100 1 _aRomán Montero, Carolina
_9130811
245 1 3 _aLa ganadería bovina ejidal en el municipio de Mapastepec, Chiapas, en el marco del modelo económico neoliberal, 1990-2013/
_h[En línea]
_cpor Carolina Román Montero.
260 _aSan Cristobal de Las Casas, Chis :
_bEl autor,
_c2015.
500 _aPara ver el contenido del material haga clic en la liga
502 _aTesis (M.C. en Desarrollo Rural Regional) -- UACH. Dirección de Centros Regionales Universitarios
590 _aE11695DGD
_b10
_c20160427
_lUCH01
_h1113
590 _aE6096MTM
_b05
_c20160419
_lUCH01
_h1300
590 _aE6096MTM
_b05
_c20160419
_lUCH01
_h1302
590 _aE6096MTM
_b05
_c20160420
_lUCH01
_h0902
650 1 4 _aGanadería
_xChiapas.
_944668
650 1 4 _aGanado vacuno
_xAspectos económicos.
_945436
650 1 4 _aGanado vacuno
_xChiapas.
_945442
856 _aFinding aid
_uhttp://10.13.5.2/tesis/sist112479.pdf
_zTeclea aquí
901 _aBK
942 _cTESIS
942 _n0
999 _c108940
_d108940